Trzecie Miejsce w każdych Wyborach do Sejmu - Statystyki

Ogólne statystyki
  • Ten quiz został rozwiązany 16 razy
  • Średni wynik to 7 z 10
Statystyki odpowiedzi
Wybory Komitet Poparcie (%) Posłowie % Poprawnych
2001 Samoobrona RP 10,20 % 53
86%
2005 Samoobrona RP 11,41 % 56
86%
2023 Trzecia Droga 14,40 % 65
86%
2015 Kukiz'15 8,81 % 42
79%
2019 Sojusz Lewicy Demokratycznej 12,56 % 49
79%
1997 Unia Wolności 13,37 % 60
79%
2011 Ruch Palikota 10,02 % 40
57%
1993 Unia Demokratyczna 10,59 % 74
43%
2007 Lewica i Demokraci (SLD+SDPL+PD+UP) 13,15 % 53
36%
1991 Wyborcza Akcja Katolicka 8,74 % 49
21%
Nie znaleziono quizów pasujących do podanych kryteriów
Rozkład punktacji
Procent ludzi z każdym wynikiem
Percentyl według liczby udzielonych odpowiedzi
Twoja historia wyników
Nie rozwiązałeś tego quizu